000 00259nam a2200097Ia 4500
008 230915s9999 xx 000 0 und d
050 _aSB 111 .C63 1976
100 _acobley leslie s.
245 3 _aAN INTRODUCTION TO THE BOTANY OF TROPICAL CROPS
942 _cBK
999 _c201679
_d201679